000 00294nam a2200109Ia 4500
008 230907s9999||||xx |||||||||||||| ||und||
082 _a572.86
_bPEV
100 _aPevsner, Jonathan,
_9116050
245 0 _aBioinformatics and functional genomics /
300 _axxxiii, 1124 pages :
942 _cBK
999 _c600896
_d600896